Retrouvez qui a dit cette réplique (disney/pixar) - Statistiques

Statistiques générales
  • Ce quiz a été pris 1 098 fois
    830 depuis la dernière actualisation
  • Le résultat moyen est 5 sur 12
Statistiques - réponses
Hint Réplique Réponse % Correct
2 Nage droit devant toi, droit devant toi. Dory
82%
8 Il n'est plus perdu. Plus maintenant. Vers l'infini... Buzz
76%
1 Il y a une personne dans mon armoire ! Raiponce
69%
10 Mes ancêtres ont envoyé un petit lézard pour me sauver. Mulan
56%
5 Tu mérites que ton voeu soit exaucé. Charmant petit pantin de bois, éveille toi ! La fée bleue (Pinocchio)
50%
4 Parole d'ours ça c'est ce que j'appelle du swing. Baloo
44%
9 Parce que je suis une dame, voilà pourquoi. Marie (Les aristochats)
32%
6 Le passé c'est le passé darling, ça parasite le présent. Edna
29%
11 En tout il y en a 101. Roger (Les 101 dalmatiens
27%
3 Dites à votre patron qu'il l'aura notre maison ! Carl (la haut)
21%
12 Ta mère ne t'as jamais dit de ne pas jouer avec la nourriture ? Zazu (le roi lion)
15%
7 Rien n'est plus important que la famille. Miguel (Coco)
12%
Aucun quiz correspondant
Distribution des résultats
% des personnes avec chaque résultat
Percentile par nombre de réponses
Votre historique - résultats
Vous n’avez pas pris ce quiz depuis la dernière actualisation